Les Ballons d'Or si Messi et Ronaldo n'existaient pas (2008-2023) - Statistiques

Statistiques générales
  • Ce quiz a été pris 642 fois
  • Le résultat moyen est 12 sur 15
Statistiques - réponses
Année Classement % Réponse Club % Correct
2010 2e 17,36% Andrés Iniesta FC Barcelone
90%
2012 3e 10,91% Andrés Iniesta FC Barcelone
90%
2015 3e 7,86% Neymar FC Barcelone
89%
2017 3e 12,88% Neymar Paris Saint-Germain
89%
2013 3e 23,36% Franck Ribéry Bayern Munich
87%
2009 3e 11,81% Xavi FC Barcelone
86%
2011 3e 9,23% Xavi FC Barcelone
86%
2016 3e 12,72% Antoine Griezmann Atlético Madrid
86%
2021 2e 21,32% Robert Lewandowski Bayern Munich
85%
2018 1er 26,14% Luka Modrić Real Madrid
80%
2022 1er 36,90% Karim Benzema Real Madrid
79%
2023 2e 24,25% Erling Haaland Manchester City
77%
2019 2e 24,11% Virgil Van Dijk Liverpool FC
74%
2014 3e 15,72% Manuel Neuer Bayern Munich
74%
2008 3e 12,43% Fernando Torres Liverpool FC
51%
Aucun quiz correspondant
Distribution des résultats
% des personnes avec chaque résultat
Percentile par nombre de réponses
Votre historique - résultats
Vous n’avez pas pris ce quiz